[Event "Vienna"]
[Site "Vienna"]
[Date "1991.??.??"]
[Round "3"]
[White "Nunn, John DM"]
[Black "Fauland, Alexander"]
[Result "1-0"]
[WhiteElo "2610"]
[BlackElo "2475"]

1.e4 g6 2.d4 Bg7 3.Nc3 c6 4.Bc4 d6 5.Qf3 e6 6.Nge2 Nd7 7.O-O Ngf6 8.Bb3 O-O
9.Bg5 Qe7 10.Rad1 h6 11.Bh4 e5 12.Qe3 Re8 13.f4 exd4 14.Qxd4 Nxe4 15.Bxe7 Bxd4+
16.Rxd4 Nxc3 17.Nxc3 Rxe7 18.Rxd6 Nf8 19.Rd8 b6 20.a4 Bb7 21.Rd6 Ba6 22.Rfd1 Rc8
23.a5 bxa5 24.Ra1 Rcc7 25.Rxa5 Re1+ 26.Kf2 Rf1+ 27.Kg3 Re7 28.h3 Bc8 29.Rxc6 Be6
30.Nd5 Bxd5 31.Bxd5 Re3+ 32.Kh2 Rxf4 33.Rxa7 Re2 34.Rcc7 Ne6 35.Re7 Rff2
36.Re8+  1-0

[Event "Vienna"]
[Site "Vienna"]
[Date "1991.??.??"]
[Round "4"]
[White "Christiansen, Larry Mark"]
[Black "Nunn, John DM"]
[Result "1-0"]
[WhiteElo "2600"]
[BlackElo "2610"]

1.d4 Nf6 2.c4 g6 3.Nc3 Bg7 4.e4 d6 5.f3 O-O 6.Be3 c5 7.dxc5 dxc5 8.e5 Nfd7
9.f4 f6 10.exf6 exf6 11.Nf3 Qe8 12.Qd2 Nb6 13.Be2 Na6 14.Rd1 Bf5 15.O-O Qe7
16.Nh4 Bc2 17.Rde1 Rad8 18.Qc1 Bd3 19.f5 Qf7 20.Bxd3 Rxd3 21.Qb1 Rfd8 22.Nd5 Nb4
23.fxg6 hxg6 24.Bxc5 N6xd5 25.a3 Nc3 26.bxc3 Nc6 27.Bd4 Qxc4 28.Nxg6 Nxd4
29.cxd4 Qxd4+ 30.Kh1 Qb6 31.Qa2+ Qb3 32.Qe2 Rd2 33.Qh5 Qc4 34.Ne7+ Kf8 35.Qh7 Re8
36.Rxf6+  1-0

[Event "Vienna"]
[Site "Vienna"]
[Date "1991.??.??"]
[Round "5"]
[White "Nunn, John DM"]
[Black "Schroll, Gerhard"]
[Result "1-0"]
[WhiteElo "2610"]
[BlackElo "2370"]

1.e4 Nf6 2.e5 Nd5 3.d4 d6 4.Nf3 g6 5.Bc4 Nb6 6.Bb3 Bg7 7.a4 dxe5 8.a5 Nd5
9.Nxe5 O-O 10.O-O c5 11.Nxf7 Kxf7 12.Qf3+ Kg8 13.Qxd5+ Qxd5 14.Bxd5+ e6 15.Be4 cxd4
16.Bg5 Nc6 17.Nd2 Bd7 18.Rfe1 Rac8 19.Nb3 Nb4 20.Be7 Nxc2 21.Bxc2 Rxc2 22.Bxf8 Kxf8
23.Rad1 Rxb2 24.Nxd4 Ke7 25.Nf3 Ra2 26.Rb1 Bc6 27.Ng5 Bd5 28.Nxe6 Bxe6 29.Rxb7+ Kf8
30.h3 Bd5 31.Rd7 Rxa5 32.Rc1 Bf7 33.Rc8+ Be8 34.Rxe8+ Kxe8 35.Rxg7 Rh5 36.Rxa7 Kf8
37.Kh2 Kg8 38.g4 Rb5 39.Kg3 Rb4 40.Kh4  1-0

[Event "Vienna"]
[Site "Vienna"]
[Date "1991.??.??"]
[Round "6"]
[White "Epishin, Vladimir"]
[Black "Nunn, John DM"]
[Result "1-0"]
[WhiteElo "2615"]
[BlackElo "2610"]

1.d4 Nf6 2.c4 g6 3.Nc3 Bg7 4.e4 d6 5.Nf3 O-O 6.Be2 e5 7.O-O Nc6 8.d5 Ne7
9.Nd2 a5 10.Rb1 c6 11.a3 b5 12.dxc6 b4 13.axb4 axb4 14.Nb5 Nxc6 15.Nb3 Be6
16.Qd3 Ne8 17.Be3 f5 18.f3 fxe4 19.fxe4 Rxf1+ 20.Rxf1 Qd7 21.h3 Bf8 22.Bg4 Bxg4
23.hxg4 Qe6 24.Nd2 Rc8 25.Qd5 Nd8 26.b3 Be7 27.Bb6 Nf6 28.Rxf6 Bxf6 29.Nxd6 Rb8
30.Bc7 Qxd5 31.exd5 Ra8 32.N6e4 Be7 33.c5 Nf7 34.c6 Rc8 35.Bb6 Nd6 36.Nxd6 Bxd6
37.Ne4 Bf8 38.Kf2 Kf7 39.Ke2 Ke8 40.Kd3 Be7 41.Kc4 Rb8 42.c7  1-0

[Event "Brussels SWIFT rapid"]
[Site "Brussels"]
[Date "1992.??.??"]
[Round "?"]
[White "Adams, Michael"]
[Black "Nunn, John DM"]
[Result "1/2-1/2"]
[WhiteElo "2620"]
[BlackElo "2615"]

1.e4 c5 2.Nf3 e6 3.d4 cxd4 4.Nxd4 Nf6 5.Nc3 Nc6 6.Ndb5 d6 7.Bf4 e5 8.Bg5 a6
9.Bxf6 gxf6 10.Na3 b5 11.Nd5 Bg7 12.c3 Ne7 13.Nxe7 Qxe7 14.Nc2 f5 15.exf5 O-O
16.Ne3 Bb7 17.Be2 Rad8 18.Nd5 Qg5 19.h4 Qh6 20.Rh3 Kh8 21.Kf1 e4 22.a4 b4
23.Nxb4 d5 24.Nc2 d4 25.cxd4 Qf4 26.Qc1 Qxf5 27.Qe3 Qe6 28.Kg1 f5 29.Qf4 Bh6
30.Qc7 Rd7 31.Qc3 Bg7 32.Bc4 Qd6 33.Qa3 Qf6 34.Re1 f4 35.d5 Re8 36.h5 Bxd5
37.Bxd5 Rxd5 38.h6 Bxh6 39.Qc3 Bg7 40.Qxf6 Bxf6 41.Rb3 Rd2 42.Na3 Bd4 43.Rf3 exf3
44.Rxe8+ Kg7 45.gxf3 Rxf2 46.Re4 Be3 47.Nc4 Rxf3+ 48.Nxe3 fxe3 49.b4 Kg6
50.Kg2 Rf2+ 51.Kg3 Rb2 52.Rxe3 Kf5 53.Rf3+ Kg5 54.b5 axb5 55.axb5 Rxb5 56.Kh3 h5
57.Rg3+  1/2-1/2

[Event "Cannes team g/60"]
[Site "Cannes"]
[Date "1992.??.??"]
[Round "1"]
[White "Kouatly, Bachar"]
[Black "Nunn, John DM"]
[Result "0-1"]
[WhiteElo "2515"]
[BlackElo "2615"]

1.d4 Nf6 2.c4 g6 3.Nc3 Bg7 4.e4 d6 5.f4 c5 6.d5 O-O 7.Nf3 e6 8.Be2 exd5 9.cxd5 Bg4
10.O-O Nbd7 11.h3 Bxf3 12.Bxf3 c4 13.Be3 Qa5 14.Bd4 Rfe8 15.b4 Qxb4 16.Rb1 Qa5
17.Rxb7 a6 18.Na4 Nxe4 19.Bxg7 Ndc5 20.Qd4 Nxb7 21.Bh6 f6 22.Bxe4 Qxa4 23.Qxf6 Qd7
24.Bf3 Qe7 25.Qc3 Qe3+ 26.Qxe3 Rxe3 27.f5 Ree8 28.Bg4 Nc5 29.Rc1 gxf5 30.Bxf5 Re5
31.Bg4 Re4 32.Bf3 Nd3 33.Rc3 Re1+ 34.Kh2 Ne5 35.Bh5 Rd8 36.h4 Re4 37.Kh3 Rd4
38.g3 Rxd5 39.Bf4 Rd3 40.Rc2 Rc8 41.Bg5 Kg7  0-1

[Event "Cannes team g/60"]
[Site "Cannes"]
[Date "1992.??.??"]
[Round "2"]
[White "Nunn, John DM"]
[Black "Timman, Jan H"]
[Result "0-1"]
[WhiteElo "2615"]
[BlackElo "2620"]

1.e4 e6 2.d4 d5 3.Nc3 Bb4 4.e5 b6 5.a3 Bxc3+ 6.bxc3 Qd7 7.Nh3 Ba6 8.Bxa6 Nxa6
9.Nf4 O-O-O 10.a4 Ne7 11.Qd3 Nb8 12.a5 Nec6 13.axb6 cxb6 14.O-O Na5 15.Nh5 Rhg8
16.Qg3 Nbc6 17.Nxg7 Ne7 18.Bh6 Nf5 19.Nxf5 Rxg3 20.Nd6+ Qxd6 21.exd6 Rg6
22.Bf4 Kb7 23.Be5 Nc4 24.f4 f5 25.g3 a5 26.Kf2 Nd2 27.Rfd1 Ne4+ 28.Ke3 Rh6
29.c4 dxc4 30.d5 Nxd6 31.dxe6 Rxe6 32.Kf3 Nf7 33.Rxd8 Nxd8 34.g4 fxg4+ 35.Kxg4 Nc6
36.Bh8 Re8 37.Bf6 Re2 38.c3 Rxh2 39.f5 Rf2 40.Re1 h5+ 41.Kg5 h4 42.Kg4 h3
43.Bh4 Rd2 44.Kxh3 a4 45.f6 Nd8 46.f7 Nxf7 47.Re7+ Ka6 48.Rxf7 a3 49.Rf8 Rd7
50.Rf1 Ka5 51.Kg4 Ka4 52.Kf5 a2 53.Ke6 Ra7 54.Kd5 Kb3 55.Bf6 a1=Q  0-1

[Event "Cannes team g/60"]
[Site "Cannes"]
[Date "1992.??.??"]
[Round "3"]
[White "Seirawan, Yasser"]
[Black "Nunn, John DM"]
[Result "1/2-1/2"]
[WhiteElo "2600"]
[BlackElo "2615"]

1.d4 Nf6 2.c4 g6 3.Nc3 Bg7 4.e4 d6 5.Bd3 Nc6 6.Nge2 O-O 7.O-O e5 8.d5 Nd4
9.Bg5 h6 10.Bh4 c5 11.Nxd4 exd4 12.Ne2 Qe8 13.Bxf6 Bxf6 14.Qd2 Bg7 15.b4 b6
16.bxc5 bxc5 17.Rab1 Qd8 18.Rb3 h5 19.Kh1 Kh7 20.Ng1 Bh6 21.f4 Qf6 22.g3 h4
23.Kg2 Kg7 24.Nf3 hxg3 25.hxg3 Rh8 26.Rh1 Bg4 27.Bc2 Rac8 28.Ng1 a5 29.Qf2 a4
30.Rb5 Rb8 31.Bxa4 Rxb5 32.Bxb5 Qe7 33.Qe1 g5 34.fxg5 Bxg5 35.Rxh8 Kxh8 36.Ba4 Qa7
37.Bb3 Qa3 38.Qb1 Qb4 39.Qd3 Be3 40.Nf3 Bxf3+ 41.Kxf3 Qe1 42.Qe2 Qh1+ 43.Qg2 Qh5+
44.g4 Qg5 45.Ke2 Qf4 46.a4 Bd2 47.Qf3 Qh2+ 48.Qf2 d3+ 49.Kf1 Qh1+ 50.Qg1 Qf3+
51.Qf2 Qh1+ 52.Qg1 Qf3+  1/2-1/2

[Event "Cannes team g/60"]
[Site "Cannes"]
[Date "1992.??.??"]
[Round "4"]
[White "Nunn, John DM"]
[Black "Kouatly, Bachar"]
[Result "1-0"]
[WhiteElo "2615"]
[BlackElo "2515"]

1.e4 c5 2.Nf3 e6 3.d4 cxd4 4.Nxd4 Nf6 5.Nc3 Nc6 6.Be2 Bb4 7.O-O Bxc3 8.bxc3 Nxe4
9.Bd3 d5 10.Ba3 Qa5 11.Qc1 Nxd4 12.cxd4 b6 13.Rb1 Ba6 14.Re1 O-O-O 15.Bb4 Qa4
16.c4 Kb7 17.Bc2 Qc6 18.c5 bxc5 19.Ba5+ Kc8 20.Qa3 cxd4 21.Bxe4  1-0

[Event "Cannes team g/60"]
[Site "Cannes"]
[Date "1992.??.??"]
[Round "5"]
[White "Timman, Jan H"]
[Black "Nunn, John DM"]
[Result "0-1"]
[WhiteElo "2620"]
[BlackElo "2615"]

1.d4 Nf6 2.c4 g6 3.Nc3 Bg7 4.e4 d6 5.Nf3 O-O 6.Be2 e5 7.O-O Nc6 8.d5 Ne7
9.Ne1 Nd7 10.Nd3 f5 11.Bd2 Nf6 12.f3 Kh8 13.b4 c6 14.a4 a5 15.bxa5 Rxa5 16.Rb1 c5
17.Rb5 Ra8 18.Qb3 Neg8 19.exf5 gxf5 20.f4 e4 21.Nf2 Nh6 22.h3 Qe8 23.Be3 Nh5
24.Rb6 Ra6 25.a5 Rg8 26.Nb5 Rxb6 27.axb6 Ng3 28.Re1 Qg6 29.Qc2 Bd7 30.Nd1 Bxb5
31.cxb5 Ra8 32.Bc4 Ng8 33.Kh2 Nh5 34.Qf2 Ra4 35.Bf1 Ne7 36.Re2 Nxd5 37.Ra2 Nxe3
38.Rxa4 Nxf1+ 39.Qxf1 Bh6 40.Kg1 Nxf4 41.Ra3 d5 42.Kh2 Nd3 43.g4 f4 44.Nf2 Nxf2
45.Qxf2 Qd6 46.Qb2+ Kg8 47.Kh1 f3 48.g5 Bg7 49.Ra8+ Kf7 50.Qf2 Qf4 51.g6+ Kxg6
52.Rg8 Kh6 53.Re8 Bd4 54.Qf1 e3 55.Re6+ Kg7 56.Qg1+ Kf7 57.Re8 Kxe8 58.Qg8+ Kd7
59.Qxh7+ Ke6 60.Qg6+ Ke5 61.Qe8+ Kf5 62.Qd7+ Ke4 63.Qh7+ Qf5 64.Qh4+ Kd3
65.Qh6 f2  0-1

[Event "Cannes team g/60"]
[Site "Cannes"]
[Date "1992.??.??"]
[Round "6"]
[White "Nunn, John DM"]
[Black "Seirawan, Yasser"]
[Result "1/2-1/2"]
[WhiteElo "2615"]
[BlackElo "2600"]

1.e4 e6 2.d4 d5 3.Nc3 Nf6 4.Bg5 Be7 5.e5 Nfd7 6.h4 c5 7.Bxe7 Kxe7 8.f4 cxd4
9.Qxd4 Qb6 10.Qxb6 Nxb6 11.h5 h6 12.Nb5 Nc6 13.Nf3 Bd7 14.b3 a6 15.Nbd4 Nxd4
16.Nxd4 Nc8 17.Kd2 Na7 18.c3  1/2-1/2

[Event "EU-chT (Men)"]
[Site "Debrecen"]
[Date "1992.??.??"]
[Round "1"]
[White "Gomez Esteban, Juan Mario"]
[Black "Nunn, John DM"]
[Result "0-1"]
[WhiteElo "2425"]
[BlackElo "2615"]

1.d4 Nf6 2.c4 g6 3.Nc3 Bg7 4.e4 d6 5.f3 O-O 6.Be3 Nbd7 7.Qd2 c5 8.d5 Ne5
9.Be2 a6 10.a4 e6 11.Kf2 exd5 12.exd5 Re8 13.g3 Qa5 14.h3 Qb4 15.a5 Nxc4
16.Bxc4 Qxc4 17.Ra4 Qb3 18.Nge2 Rxe3 19.Kxe3 Bd7 20.Ra3 Bh6+ 21.f4 Qb4 22.Kf3 Nxd5
23.Rd1 Nxc3 24.Nxc3 Re8 25.Kg2 Bg7 26.Kh2 Bc6 27.Raa1 d5 28.Na4 Qc4  0-1

[Event "EU-chT (Men)"]
[Site "Debrecen"]
[Date "1992.??.??"]
[Round "2"]
[White "Tolnai, Tibor"]
[Black "Nunn, John DM"]
[Result "1/2-1/2"]
[WhiteElo "2490"]
[BlackElo "2615"]

1.e4 c5 2.Nf3 e6 3.d4 cxd4 4.Nxd4 Nf6 5.Nc3 Nc6 6.Ndb5 d6 7.Bf4 e5 8.Bg5 a6
9.Na3 b5 10.Bxf6 gxf6 11.Nd5 Bg7 12.Bd3 Ne7 13.Nxe7 Qxe7 14.c4 f5 15.O-O O-O
16.Qh5 Rb8 17.exf5 e4 18.Rae1 Bb7 19.Re3 bxc4 20.Bxc4 d5 21.Bxd5 Bxd5 22.f6 Qxf6
23.Qxd5 Qxb2 24.Nc4 Qxa2 25.Rg3 Rb1 26.Rxg7+ Kxg7 27.Qg5+  1/2-1/2

[Event "EU-chT (Men)"]
[Site "Debrecen"]
[Date "1992.??.??"]
[Round "3"]
[White "Cebalo, Miso"]
[Black "Nunn, John DM"]
[Result "1/2-1/2"]
[WhiteElo "2515"]
[BlackElo "2615"]

1.d4 Nf6 2.Nf3 g6 3.c4 Bg7 4.Nc3 O-O 5.e4 d6 6.Be2 e5 7.O-O Nc6 8.Be3 Ng4
9.Bg5 f6 10.Bc1 f5 11.dxe5 Ngxe5 12.exf5 Bxf5 13.Nxe5 dxe5 14.Bf3 Qe8 15.Bd5+ Kh8
16.Bg5 h6 17.Bh4 Nd4 18.Bg3 Rd8 19.Kh1 Qe7 20.Rc1 Qb4 21.b3 c6 22.Be4 Nb5
23.Qe1 Nxc3 24.Bxf5 gxf5 25.Rxc3 Qc5 26.Rc2 Rde8 27.f3 e4 28.Bf4 Re6 29.Re2 Qe7
30.h3 Kh7  1/2-1/2

[Event "EU-chT (Men)"]
[Site "Debrecen"]
[Date "1992.??.??"]
[Round "5"]
[White "Vyzmanavin, Alexey"]
[Black "Nunn, John DM"]
[Result "1/2-1/2"]
[WhiteElo "2590"]
[BlackElo "2615"]

1.d4 Nf6 2.c4 g6 3.Nc3 Bg7 4.e4 d6 5.f3 O-O 6.Be3 Nbd7 7.Qd2 c5 8.Nge2 a6
9.dxc5 dxc5 10.O-O-O Qc7 11.Kb1 Ne5 12.Nf4 e6 13.Qd6 Qxd6 14.Rxd6 Re8 15.Bxc5 Bf8
16.Be2 Bd7 17.Rhd1 Rac8 18.Ba3 Nxc4 19.Bxc4 Rxc4 20.R6d3 Bxa3 21.bxa3  1/2-1/2

[Event "EU-chT (Men)"]
[Site "Debrecen"]
[Date "1992.??.??"]
[Round "7"]
[White "Romanishin, Oleg M"]
[Black "Nunn, John DM"]
[Result "1-0"]
[WhiteElo "2595"]
[BlackElo "2615"]

1.e4 e5 2.Nf3 Nc6 3.Bb5 a6 4.Ba4 Nf6 5.O-O Be7 6.d3 b5 7.Bb3 O-O 8.a4 Rb8
9.axb5 axb5 10.Nc3 d6 11.h3 Be6 12.Nd5 Bxd5 13.exd5 Nb4 14.d4 e4 15.Ng5 c5
16.c3 Nbxd5 17.dxc5 dxc5 18.Nxe4 c4 19.Bc2 b4 20.Qf3 Ra8 21.Rxa8 Qxa8 22.cxb4 Nxb4
23.Nxf6+ Bxf6 24.Be4 Qa6 25.Rd1 Nd3 26.Bxd3 cxd3 27.Qxd3 Qxd3 28.Rxd3 Rc8
29.Rd1 Rb8 30.Re1 g5 31.Re2 Rc8 32.Bd2 Bxb2 33.Bxg5 Bg7 34.g3 h6 35.Bf4 Kh7
36.Rd2 Rc6 37.Rd5 Kg6 38.g4 Bf6 39.Kg2 Bg5 40.Bg3 Be7 41.h4 Rc4 42.Rd7 Bf6
43.f4 Rc5 44.Rd6 Kg7 45.Bf2 Ra5 46.Rd3 Rb5 47.Kg3 Ra5 48.Bb6 Rb5 49.Be3 Bb2
50.Kf3 Ba1 51.Rd1 Bc3 52.Rc1 Rb3 53.Ke4 Rb4+ 54.Kd3 Bf6 55.g5 hxg5 56.hxg5 Bd8
57.Rc6 Rb3+ 58.Ke4 f5+ 59.Kf3 Be7 60.Rc7 Kf8 61.Ke2 Rb2+ 62.Kd3 Rb3+ 63.Kd2 Ke8
64.Bc5 Bd8 65.Rg7 Ba5+ 66.Ke2 Rb2+ 67.Kd3 Rd2+ 68.Kc4 Re2 69.g6 Re4+ 70.Kd3 Rxf4
71.Re7+ Kd8 72.g7 Rg4 73.Rf7  1-0

[Event "Bundesliga 9192"]
[Site "Germany"]
[Date "1992.??.??"]
[Round "?"]
[White "Nunn, John DM"]
[Black "Smejkal, Jan"]
[Result "1-0"]
[WhiteElo "2615"]
[BlackElo "2535"]

1.e4 e5 2.Nf3 Nc6 3.Nc3 Nf6 4.Bb5 Bb4 5.O-O O-O 6.d3 d6 7.Bg5 Bxc3 8.bxc3 Bd7
9.Rb1 a6 10.Ba4 Rb8 11.Bb3 h6 12.Bh4 Qe7 13.Re1 Na5 14.d4 Rbd8 15.Qc1 Nxb3
16.axb3 Bg4 17.Nd2 g5 18.Bg3 Nh5 19.Nc4 Nf4 20.Ne3 Be6 21.f3 Qf6 22.Qd2 Kh7
23.Rbd1 h5 24.Kh1 Rg8 25.c4 h4 26.Bxf4 gxf4 27.Nd5 Bxd5 28.exd5 Rg6 29.dxe5 dxe5
30.Qc3 Re8 31.c5 h3 32.gxh3 Qf5 33.Qd3 Qxh3 34.Rg1 Rg8 35.Rxg6 Rxg6 36.Rg1 f5
37.Rxg6 Kxg6 38.Kg1  1-0

[Event "Bundesliga 9192"]
[Site "Germany"]
[Date "1992.??.??"]
[Round "?"]
[White "Nunn, John DM"]
[Black "Dolmatov, Sergey"]
[Result "1/2-1/2"]
[WhiteElo "2615"]
[BlackElo "2595"]

1.e4 e6 2.d4 d5 3.Nc3 Nf6 4.Bg5 dxe4 5.Nxe4 Nbd7 6.Nxf6+ Nxf6 7.Nf3 Be7 8.Bd3 h6
9.Bd2 c5 10.dxc5 Bxc5 11.Qe2 Qb6 12.O-O Be7 13.a4 O-O 14.a5 Qc7 15.Rfe1 Rd8
16.Ne5 Bd6 17.h3 Bxe5 18.Qxe5 Qxe5 19.Rxe5 Bd7 20.Ree1 Bc6 21.Ra3 Rd7 22.f3 a6
23.Be3  1/2-1/2

[Event "Bundesliga 9192"]
[Site "Germany"]
[Date "1992.??.??"]
[Round "?"]
[White "Nunn, John DM"]
[Black "Dankert, Peter"]
[Result "1-0"]
[WhiteElo "2610"]
[BlackElo "2230"]

1.e4 Nf6 2.e5 Nd5 3.d4 d6 4.Nf3 Bg4 5.Be2 e6 6.O-O Be7 7.h3 Bh5 8.c4 Nb6
9.Nc3 O-O 10.Be3 d5 11.c5 Nc8 12.b4 a6 13.a4 Nc6 14.b5 Na5 15.Nd2 Bg6 16.Nb3 Nxb3
17.Qxb3 a5 18.f4 f5 19.g4 Bh4 20.Ra2 Ne7 21.Qd1 fxg4 22.hxg4 h5 23.f5 exf5
24.gxh5 Bh7 25.Bd3 Kh8 26.Rg2 c6 27.Ne2 Rg8 28.Rf4 g5 29.hxg6 Nxg6 30.Rxf5 Qd7
31.Rh5 Qh3 32.Bg5 Bf2+ 33.Kxf2 Qxh5 34.Bf6+ Rg7 35.Kg1 Kg8 36.Qd2 Rf8 37.Bxg7 Kxg7
38.Bxg6 Bxg6 39.Nf4  1-0

[Event "Bundesliga 9192"]
[Site "Germany"]
[Date "1992.??.??"]
[Round "?"]
[White "Huebner, Robert"]
[Black "Nunn, John DM"]
[Result "1/2-1/2"]
[WhiteElo "2615"]
[BlackElo "2615"]

1.d4 Nf6 2.c4 g6 3.g3 c6 4.Bg2 d5 5.Qb3 a5 6.cxd5 a4 7.Qd1 cxd5 8.Nc3 Nc6
9.Nxa4 Bf5 10.a3 Qa5+ 11.Nc3 Nb4 12.Kf1 Bg7 13.Bd2 Qa6 14.Nb5 Qxb5 15.Bxb4 O-O
16.Bh3 Ng4 17.Bxg4 Bxg4 18.Kg2 Qd7 19.h4 Rac8 20.Nf3 Bf5 21.Rc1 Be4 22.Qd2 Rc4
23.Bc3 Rfc8 24.Rcd1 R8c6 25.h5 Rf6 26.hxg6 fxg6 27.Rh4 Rf5 28.Qe3 Bf6 29.Rxe4 dxe4
30.Qxe4 Rh5 31.g4 Rd5 32.Rh1 e5 33.g5 Bh8 34.e3 exd4 35.exd4 Rc8 36.Ne5 Bxe5
37.dxe5 Qe6 38.Rh4 b5 39.Qg4  1/2-1/2

[Event "Bundesliga 9192"]
[Site "Germany"]
[Date "1992.??.??"]
[Round "?"]
[White "Gurevich, Mikhail"]
[Black "Nunn, John DM"]
[Result "1/2-1/2"]
[WhiteElo "2630"]
[BlackElo "2610"]

1.c4 g6 2.Nc3 Nf6 3.g3 c6 4.Bg2 d5 5.cxd5 cxd5 6.Qb3 e6 7.Nf3 Bg7 8.O-O O-O
9.d3 Nc6 10.Bf4 Re8 11.Rfc1 h6 12.Ne5 Na5 13.Qa4 Nh5 14.Nb5 Nxf4 15.Qxf4 Re7
16.Rab1 a6 17.Nd4 g5 18.Qe3 f6 19.Nef3 e5 20.Nc2 Nc6 21.Qc5 Be6 22.Nb4 Nxb4
23.Qxb4 Bf8 24.Nd2 Rd7 25.Qb3 Kf7 26.Qc2 Re7  1/2-1/2

[Event "Hastings9293"]
[Site "Hastings"]
[Date "1992.??.??"]
[Round "1"]
[White "Nunn, John DM"]
[Black "Polugaevsky, Lev"]
[Result "1-0"]
[WhiteElo "2595"]
[BlackElo "2640"]

1.e4 c5 2.Nf3 d6 3.d4 cxd4 4.Nxd4 Nf6 5.Nc3 a6 6.Be3 e6 7.f3 b5 8.g4 h6 9.Qd2 Nbd7
10.O-O-O Bb7 11.h4 b4 12.Nce2 d5 13.Ng3 Qa5 14.Kb1 dxe4 15.Nxe4 Nxe4 16.fxe4 Nf6
17.Bg2 O-O-O 18.Qe2 Qc7 19.Rhf1 Bd6 20.g5 hxg5 21.hxg5 Nxe4 22.g6 Rh2 23.Rxf7 Rxg2
24.Rxc7+ Bxc7 25.Qc4 Rxg6 26.Rf1 e5 27.Ne6 Rxe6 28.Qxe6+ Kb8 29.Qe7 a5 30.Rf8  1-0

[Event "Hastings9293"]
[Site "Hastings"]
[Date "1992.??.??"]
[Round "3"]
[White "Nunn, John DM"]
[Black "Sadler, Matthew"]
[Result "1/2-1/2"]
[WhiteElo "2595"]
[BlackElo "2515"]

1.e4 c5 2.Nf3 d6 3.d4 cxd4 4.Nxd4 Nf6 5.Nc3 a6 6.Be3 Ng4 7.Bg5 h6 8.Bh4 g5
9.Nf5 e6 10.Qxg4 exf5 11.exf5 gxh4 12.Qd4 Rg8 13.Ne4 Be7 14.f6 Qa5+ 15.b4 Qe5
16.Qxe5 dxe5 17.fxe7 Kxe7 18.O-O-O Nc6 19.a3 Rg6 20.Nc3 Be6 21.g3 a5 22.b5 Nd4
23.Bg2 Rc8 24.Kb2 Rc5 25.a4 b6 26.Rhe1 f6 27.Re3 Rg8 28.Rd2 Rgc8 29.f4 Rc4
30.fxe5 fxe5 31.gxh4  1/2-1/2

[Event "Hastings9293"]
[Site "Hastings"]
[Date "1992.??.??"]
[Round "5"]
[White "Nunn, John DM"]
[Black "Bareev, Evgeny"]
[Result "0-1"]
[WhiteElo "2595"]
[BlackElo "2670"]

1.e4 e5 2.Nf3 Nc6 3.Nc3 Nf6 4.Bb5 Nd4 5.Ba4 c6 6.d3 b5 7.Bb3 Nxb3 8.axb3 d6
9.O-O Be7 10.Ne2 O-O 11.Ng3 c5 12.c4 Qc7 13.Ne1 Bg4 14.f3 Be6 15.Nc2 Nd7
16.Kh1 Rfe8 17.Ne2 Qb7 18.Nc3 a6 19.Qe1 f5 20.Ne3 f4 21.Ned5 b4 22.Nd1 Nf8
23.g3 g5 24.Nf2 Bd8 25.Rg1 Ng6 26.Bd2 a5 27.Qe2 Ra7 28.Ng4 Qg7 29.Raf1 Kh8
30.Qg2 h5 31.Nf2 Rf8 32.h4 fxg3 33.Qxg3 Nxh4 34.Bxg5 Bxg5 35.Qxg5 Nxf3 36.Qxg7+ Rxg7
37.Rxg7 Kxg7 38.Nd1 Bh3 39.Rf2 Nd4  0-1

[Event "Hastings9293"]
[Site "Hastings"]
[Date "1992.??.??"]
[Round "10"]
[White "Sadler, Matthew"]
[Black "Nunn, John DM"]
[Result "1-0"]
[WhiteElo "2515"]
[BlackElo "2595"]

1.d4 Nf6 2.c4 g6 3.Nc3 Bg7 4.e4 d6 5.f3 O-O 6.Bg5 Nc6 7.Nge2 a6 8.Qd2 Bd7
9.h4 h5 10.O-O-O b5 11.Bh6 e5 12.Nd5 Bxh6 13.Qxh6 bxc4 14.g4 Nxd5 15.exd5 Nb4
16.Ng3 c3 17.Nxh5 gxh5 18.gxh5 Bg4 19.Rg1 f5 20.fxg4 f4 21.bxc3 Nxa2+ 22.Kc2 Qxh4
23.Qg6+ Kh8 24.Bd3 Qe7 25.Qh6+ Kg8 26.Qe6+ Qxe6  1-0

[Event "Hastings9293"]
[Site "Hastings"]
[Date "1992.??.??"]
[Round "11"]
[White "Nunn, John DM"]
[Black "Crouch, Colin S"]
[Result "1-0"]
[WhiteElo "2595"]
[BlackElo "2425"]

1.e4 g6 2.d4 Bg7 3.Nc3 d6 4.Be3 Nh6 5.f3 f5 6.Qd2 Nf7 7.O-O-O Nc6 8.exf5 gxf5
9.f4 d5 10.Nf3 e6 11.h3 Nd6 12.Ne5 Bd7 13.Be2 Qe7 14.Bh5+ Kd8 15.Be2 a6 16.g4 b5
17.Bd3 Ne4 18.Bxe4 fxe4 19.f5 Kc8 20.Bg5 Bf6 21.Bxf6 Qxf6 22.g5 Qe7 23.f6 Qf8
24.h4 Rg8 25.Nxd7 Kxd7 26.Nxe4 dxe4 27.d5 Nb4 28.dxe6+ Kc8 29.e7 Nxa2+ 30.Kb1 Qf7
31.Qd5  1-0

[Event "Hastings9293"]
[Site "Hastings"]
[Date "1992.??.??"]
[Round "12"]
[White "Bareev, Evgeny"]
[Black "Nunn, John DM"]
[Result "0-1"]
[WhiteElo "2670"]
[BlackElo "2595"]

1.d4 Nf6 2.c4 g6 3.Nc3 Bg7 4.e4 d6 5.Be2 O-O 6.Bg5 Na6 7.h4 c5 8.d5 Nc7 9.Qd2 e6
10.e5 dxe5 11.d6 Nce8 12.Rd1 Qd7 13.Qe3 b6 14.Nf3 Nh5 15.Be7 f6 16.Bxf8 Bxf8
17.Ne4 Nf4 18.O-O Bg7 19.Rfe1 Bb7 20.Bf1 Bh6 21.Qc3 Bxe4 22.Rxe4 Nxd6 23.Ree1 e4
24.Nh2 f5 25.Qe5 Rd8 26.Rxe4 Nh3+ 27.gxh3 fxe4 28.Ng4 Bg7 29.Qg5 Rf8 30.b4 Bd4
31.Rxd4 cxd4 32.Qe5 h5 33.Nf6+ Rxf6 34.Qxf6 d3 35.Qd4 Qc6 36.f3 Nf5 37.Qd8+ Kh7
38.fxe4 Qxe4 39.Qxd3 Qxh4 40.Qd7+ Kh6 41.Qxe6 Qd4+ 42.Kh1 Qf2 43.Bg2 Ng3+
44.Kh2 Ne2  0-1

[Event "Lloyds Bank op"]
[Site "London"]
[Date "1992.??.??"]
[Round "?"]
[White "Szekely, Peter"]
[Black "Nunn, John DM"]
[Result "1/2-1/2"]
[WhiteElo "2435"]
[BlackElo "2595"]

1.Nf3 Nf6 2.c4 g6 3.g3 c6 4.Bg2 Bg7 5.d4 d5 6.cxd5 cxd5 7.Ne5 O-O 8.Nc3 e6
9.e3 Nfd7 10.Nd3 Nc6 11.O-O b6 12.b3 Ba6 13.Ba3  1/2-1/2

[Event "Lloyds Bank op"]
[Site "London"]
[Date "1992.??.??"]
[Round "?"]
[White "Nunn, John DM"]
[Black "Zilberman, Yaacov"]
[Result "1/2-1/2"]
[WhiteElo "2595"]
[BlackElo "2490"]

1.e4 e5 2.Nf3 Nc6 3.Nc3 Nf6 4.Bb5 Bb4 5.O-O O-O 6.d3 d6 7.Bg5 Bxc3 8.bxc3 Qe7
9.Re1 Nd8 10.d4 Ne6 11.Bc1 c5 12.a4 Rd8 13.Bc4 Rb8 14.dxe5 dxe5 15.Qe2 Qc7
16.Nh4 Re8 17.g3 h6 18.f4 exf4 19.Bxe6 fxe6 20.e5  1/2-1/2

[Event "Lloyds Bank op"]
[Site "London"]
[Date "1992.??.??"]
[Round "?"]
[White "Nunn, John DM"]
[Black "Kaunas, Kestutis"]
[Result "1-0"]
[WhiteElo "2595"]
[BlackElo "2350"]

1.e4 Nf6 2.e5 Nd5 3.d4 d6 4.Nf3 Bg4 5.Be2 e6 6.O-O Be7 7.h3 Bf5 8.a3 O-O
9.c4 Nb6 10.Nc3 dxe5 11.Nxe5 N8d7 12.Nf3 c5 13.Be3 Qc7 14.Nb5 Qc8 15.Qd2 cxd4
16.Nbxd4 Be4 17.b4 Rd8 18.Qa2 a5 19.Qb3 axb4 20.axb4 Rxa1 21.Rxa1 Bf6 22.Rc1 Qa8
23.Nd2 Bg6 24.Nb5 Qa4 25.Bf3 Qxb3 26.Nxb3 Rb8 27.Na5 Bd3 28.Rd1 Bc2 29.Rd6 Be7
30.Rxb6 Nxb6 31.Bxb6 Bxb4 32.Nxb7 Bd3 33.Ba7 Ra8 34.Nc5 Bxc4 35.Bxa8 Bxb5
36.Ne4 h6 37.Bc5 Ba5 38.f3 Bd8 39.Kf2 Bh4+ 40.g3 Bd8 41.Bb7 Bc7 42.Nc3 Bd7
43.f4 Bb8 44.Be4 f5 45.Bd3 e5 46.Bc4+ Kh7 47.Nd5 exf4 48.gxf4 Be6 49.Be3 Bxd5
50.Bxd5 Bd6 51.Kf3 Be7 52.Be6 g6 53.Bd4 Bh4 54.Be5 h5 55.Ke3 Kh6 56.Bd6 Kg7
57.Kd4 Bg3 58.Ke5 g5 59.Kxf5 Bxf4 60.Bc5 Bd2 61.Bd4+ Kh6 62.Kf6 g4 63.h4 Be1
64.Be3+ Kh7 65.Kf7 Bc3 66.Bf5+ Kh8 67.Bf4  1-0

[Event "Lloyds Bank op"]
[Site "London"]
[Date "1992.??.??"]
[Round "?"]
[White "King, Daniel J"]
[Black "Nunn, John DM"]
[Result "1/2-1/2"]
[WhiteElo "2510"]
[BlackElo "2595"]

1.Nf3 Nf6 2.c4 g6 3.Nc3 Bg7 4.e4 d6 5.d4 O-O 6.Be2 e5 7.O-O Nc6 8.d5 Ne7
9.b4 a5 10.Ba3 Nh5 11.c5 Nf4 12.Nd2 f5 13.f3 axb4 14.Bxb4 dxc5 15.Bxc5 b6
16.Bf2 c6 17.dxc6 Nxc6 18.Bc4+ Kh8 19.Nd5 Rb8 20.Rb1 fxe4 21.Nxe4 Nd4 22.Nxf4 Rxf4
23.Re1 Bb7 24.a4 Bxe4 25.Rxe4 Rxe4  1/2-1/2

[Event "Lloyds Bank op"]
[Site "London"]
[Date "1992.??.??"]
[Round "?"]
[White "Crouch, Colin S"]
[Black "Nunn, John DM"]
[Result "0-1"]
[WhiteElo "2425"]
[BlackElo "2595"]

1.d4 Nf6 2.c4 g6 3.Nc3 Bg7 4.e4 d6 5.Nf3 O-O 6.Be2 e5 7.O-O Nc6 8.d5 Ne7
9.Nd2 a5 10.a3 Nd7 11.Rb1 f5 12.f3 Kh8 13.b4 Ng8 14.Qc2 Bh6 15.Nb3 Bxc1 16.Qxc1 axb4
17.axb4 Ndf6 18.c5 Nh5 19.g3 Ngf6 20.Nd2 Qe7 21.Nb5 fxe4 22.fxe4 Bh3 23.Rf2 Ng4
24.Rf3 Nhf6 25.Qc2 Qg7 26.Nc4 Qh6 27.Nxc7 Bg2 28.h4 Bxf3 29.Bxf3 Ne3 30.Qc1 Nfxd5
31.Nxe3 Nxe3 32.Be2 Ra2 33.Rb2 Rxb2 34.Qxb2 Nc4 35.Qc3 Qd2 36.Qxd2 Nxd2 37.cxd6 Rd8
38.Nb5 Nxe4 39.Bf3 Nxd6 40.Nxd6 Rxd6 41.Bxb7 Rb6  0-1

[Event "Lloyds Bank op"]
[Site "London"]
[Date "1992.??.??"]
[Round "?"]
[White "Arkell, Keith C"]
[Black "Nunn, John DM"]
[Result "0-1"]
[WhiteElo "2460"]
[BlackElo "2595"]

1.d4 Nf6 2.Nf3 g6 3.g3 Bg7 4.Bg2 O-O 5.c4 d6 6.O-O Nbd7 7.Nc3 e5 8.Qc2 Re8
9.b3 c6 10.e3 exd4 11.Nxd4 h5 12.Ba3 Qe7 13.Rad1 Nc5 14.b4 Nce4 15.Nxe4 Nxe4
16.b5 c5 17.Ne2 Bf5 18.Qb3 h4 19.Nf4 Qe5 20.Rd5 Qf6 21.g4 Bxg4 22.f3 h3 23.Bh1 Nc3
24.fxg4 Qh4 25.Rd3 Qxg4+ 26.Kf2 Bd4 27.Rxc3 Qxf4+ 28.Ke2 Qxh2+ 29.Kd1 Bxc3
30.Qxc3 Re5 31.Bb2 Rae8 32.Bd5 R8e7 33.Qd2 Qxd2+ 34.Kxd2 Rf5 35.Rxf5 gxf5
36.Ke2 h2 37.Kf2 Re6 38.Bc1 Rg6 39.Bg2 Rg4 40.Bd2 Rxc4  0-1